| 000 | 00324nam a2200133 a 4500 | ||
|---|---|---|---|
| 001 | 4919 | ||
| 003 | CDMR | ||
| 005 | 20130116135302.0 | ||
| 008 | 130130s1997||||||||||||||||||||||||||||d | ||
| 040 |
_aCDMR _bcat _cCDMR |
||
| 245 | 0 | _aInforme mundial sobre la información 1997 / 1998 | |
| 260 |
_aMadrid _c1997 _bUNESCO |
||
| 942 | _cMON | ||
| 999 |
_c4919 _d4919 |
||